01005nam a22002775i 4500999001700000003000900017005001700026008004100043020001800084040004300102082001900145100004800164245004700212246001700259264005700276300002900333336002600362337002800388338002700416504004100443650004300484653002600527655001700553942001200570952014500582 c27670d27641EG-ScBUE20191013103618.0191008s2018 ii f b 000 0 eng d a9788131307250 aEG-ScBUEbengerdacEG-ScBUEdEG-ScBUE04a428.2bKLE2221 aKleiser, Grenville,‏d1868-1953,eauthor.10aBook of prepositions /cGrenville Kleiser.30aPrepositions 1aNew Delhi :bA. P. H. Publishing Corporation,c2018. aviii, 182 pages ;c22 cm atextbtxt2rdacontent aunmediatedbn2rdamedia avolumebnc2rdacarrier aIncludes bibliographical references. 7aEnglish languagexPrepositions.2BUEsh bHHUUEENNcOctober2019 vReading book 2ddccBB 00102ddc40708BaccahaMAINbMAINc1STd2019-10-13ePurchaseg417.00l0o428.2 KLEp000048125r2025-07-15 00:00:00v521.25w2019-10-13yBB